00887nam a22002415a 4500008004100000020001500041020001800056040002900074082001900103100002300122245008700145260006100232300003500293504004300328590001700371650004000388651001000428653002300438700002000461942002300481999001500504952012600519081111t2004 ii a frb 001 0 eng d a8174732330 a9788174732330 aEG-ScBUEbeng cEG-ScBUE04a660.2bGOE2221 aGoel, Neetu.9106310aConcise engineering chemistry :bTheory and practicals /cNeetu Goel, Sanjay Kumar aNew Delhi:bA.I.T.B.S. Publishers & Distributors,c2004. axxiii, 711 p.:bill. ;c24 cm. aIncludes bibliographical references.  aMenna Elemam aChemical engineering.9335372BUEsh 2BUEsh bENGCHEcAugust20151 tKumar, Sanjay.  cBBk660.2 GOE2ddc c1868d1868 00102ddc40708 aMAINbMAINc1STd2008-01-07epurchaseg104.00l0o660 GOEp000002449r2025-07-15 00:00:00v130.00yBB